Giants Around The Corner/ (Record no. 203802)

MARC details
000 -LEADER
fixed length control field 00493 a2200193 4500
005 - DATE AND TIME OF LATEST TRANSACTION
control field 20240627154204.0
010 ## - LCCN (DPL NO)
LC control number B-759951
020 ## - INTERNATIONAL STANDARD BOOK NUMBER
International Standard Book Number 9780753730652
Terms of availability 199.00
035 ## - SYSTEM CONTROL NUMBER
System control number B-759951
037 ## - SOURCE OF ACQUISITION
Source of stock number/acquisition Gift
082 ## - DEWEY DECIMAL CLASSIFICATION NUMBER
Classification number S
100 ## - MAIN ENTRY--PERSONAL NAME
Personal name Blyton, Gvid
245 ## - TITLE STATEMENT
Title Giants Around The Corner/
Statement of responsibility, etc Gvid Blyton
260 ## - PUBLICATION, DISTRIBUTION, ETC. (IMPRINT)
Place of publication, distribution, etc London
Name of publisher, distributor, etc Bounty Books
Date of publication, distribution, etc 2015
270 ## - ADDRESS
Address London
300 ## - PHYSICAL DESCRIPTION
Extent 191 p.
Dimensions 19 cm(Pb)
942 ## - ADDED ENTRY ELEMENTS (KOHA)
Institution code [OBSOLETE] dpl
Item type Children Books
Source of classification or shelving scheme Dewey Decimal Classification
Classification part S
Call number suffix BLY
Holdings
Withdrawn status Lost status Not for loan Collection code Home library Current library Date acquired Source of acquisition Cost, normal purchase price Full call number Barcode Copy number Cost, replacement price Koha item type Public note
      Fiction Ashok Vihar Ashok Vihar 27/06/2024 Gift/25.6.24 199.00 S BLY B-759951 1 199.00 Children Books Gift

© Delhi Public Library
Hit Counter
free hit counter